Banki dannych v neftjanoj promyšlennosti
Gespeichert in:
| 1. Verfasser: | |
|---|---|
| Weitere Verfasser: | , |
| Format: | Buch |
| Sprache: | Russisch |
| Veröffentlicht: |
Novosibirsk
Nauka
1988
|
| Ausgabe: | 1. izd. |
| Tags: |
Keine Tags, Fügen Sie das erste Tag hinzu!
|
MARC
| LEADER | 00000nam a2200000 4500 | ||
|---|---|---|---|
| 001 | c034993 | ||
| 005 | 20221219124815.9 | ||
| 041 | 0 | |a rus | |
| 044 | |a RU | ||
| 245 | 1 | 0 | |a Banki dannych v neftjanoj promyšlennosti |c Vitalij Nikolajevič Soldatov, Igor' Leonidovič Čudinov, Vladimir Zacharovič Jampol'skij |
| 250 | |a 1. izd. | ||
| 264 | 1 | |a Novosibirsk |b Nauka |c 1988 | |
| 300 | |a 126 s. | ||
| 100 | 1 | |a Soldatov, Vitalij Nikolajevič | |
| 700 | 1 | |a Čudinov, Igor' Leonidovič | |
| 700 | 1 | |a Jampol'skij, Vladimir Zacharovič | |